Standard Liege Quiz - Statistiques

Statistiques générales
  • Ce quiz a été pris 137 fois
    54 depuis la dernière actualisation
  • Le résultat moyen est 6 sur 10
Statistiques - réponses
Hint Réponse % Correct
Combien de fois le Standard à été champion 10
95%
Gilbert et Arnaud Bodart
93%
Dieumerci (nom de famille) Mbokani
89%
Comment s’appelle le stade Stade Maurice Dufrasne
86%
Frère de Dominique D'onofrio Lucien
80%
Qui était le transfer (sortant) le plus cher de l'histoire du club? Marouane Fellaini
61%
Le boss Christian Luyindama
55%
Quelle est la rue ou le stade ce situe Rue de la centrale
30%
Meilleur buteur de tout les temps Jean Capelle
20%
Quel jouer du Standard des années 50/60 avait comme surnom Blanchette. Paul Bonga Bonga
20%
Aucun quiz correspondant
Distribution des résultats
% des personnes avec chaque résultat
Percentile par nombre de réponses
Votre historique - résultats
Vous n’avez pas pris ce quiz depuis la dernière actualisation